000 01780cam a2200409 a 4500
001 12429081
003 OSt
005 20140310181959.0
008 010601s2001 nyua c 000 1 eng
010 _a 2001039142
020 _a0064410455
040 _aDLC
_cDLC
_dDLC
042 _alcac
050 0 0 _aPZ 7
_b.St860 2001
082 0 0 _aKF
_bSt5h 2001
100 1 _aStine, R. L.
_93762
245 1 4 _aThe haunting hour /
_cR.L. Stine.
250 _a1st ed.
260 _aNew York :
_bHarperCollins,
_cc2001.
300 _a153 p. :
_bill. ;
_c24 cm.
500 _a"A Parachute Press book."
505 0 _aThe Halloween dance -- The bad baby sitter -- Revenge of the snowman -- How to bargain with a dragon -- The mummy's dream -- Are we there yet? -- Take me with you -- My imaginary friend -- Losers -- Can you draw me?
520 _aA collection of ten short horror stories featuring a ghoulish Halloween party, a long, mysterious car trip, and a very dangerous imaginary friend. Each story includes drawings by a different illustrator.
541 _j1
562 _e1
650 0 _aHorror tales, American.
_91743
650 0 _aChildren's stories, American.
_94952
650 1 _aHorror stories.
_93825
650 1 _aOccultism
_vFiction.
_94953
650 1 _aShort stories.
_92265
700 _aStine, R. L.
_93762
856 4 2 _3Publisher description
_uhttp://www.loc.gov/catdir/description/hc042/2001039142.html
856 4 2 _3Contributor biographical information
_uhttp://www.loc.gov/catdir/enhancements/fy0911/2001039142-b.html
906 _a7
_bcbc
_corignew
_d1
_eocip
_f20
_gy-gencatlg
942 _2lcc
_cBK-KF
_kKF
999 _c7977
_d7977